Statistics for San Marino First Level Subdivisions

Click here to take the quiz!

General Stats

  • This quiz has been taken 20 times
  • The average score is 3 of 9

Answer Stats

Castelli% Correct
San Marino
100%
Serravalle
40%
Acquaviva
30%
Borgo Maggiore
30%
Domagnano
30%
Faetano
30%
Montegiardino
30%
Chiesanuova
20%
Fiorentino
20%

Score Distribution

Percentile by Number Answered

Percent of People with Each Score

Your Score History

You have not taken this quiz